00338nam a2200145Ia 4500008004100000020001500041041001200056082001100068100001900079245003700098250000800135260002500143300000800168650001600176221030s9999 xx 000 0 und d a0070499357 aEnglish a105.23 aB. A. Forouzan 0aData Communications & Networking a2nd bTMHaNew Delhic2006 a944 aBE Computer